00589pam a2200169 a 4500020003200000040000800032082002600040100001900066245006200085260003700147300003300184500002000217650003900237650002700276856006200303856005400365 a0070699208 (acidfree paper) cDLC00a621 MCG 1996 A043 Or.1 aWhitson, Gene.10aHandbook of electrical construction tools and materials / aNew York :bMcGraw-Hill,cc1996. avi, 478 p. :bill. ;c24 cm. aIncludes index. 0aElectric apparatus and appliances. 0aElectrical engineering42uhttp://www.loc.gov/catdir/description/mh022/95042985.html41uhttp://www.loc.gov/catdir/toc/mh022/95042985.html